Normale Ansicht MARC-Ansicht

Eintrag Personenname

Verwendet in 1 Titel(n)

001 - Kontrollnummer

  • Kontrollfeld: 8881

003 - Kontrollnummer Identifier

  • Kontrollfeld: RU-10907106

005 - Datum und Zeit der letzten Transaktion

  • Kontrollfeld: 20220813174136.0

008 - Datenelemente mit fester Länge

  • Kontrollfeld mit fester Länge: 220813|| aca||aabn | a|a d

040 ## - Katalogisierungsquelle

  • Original-Katalogisierungsstelle: RU-10907106
  • Übertragungsstelle: RU-10907106

100 ## - Ansetzung - Personenname

  • Personenname: Berger, Joachim

670 ## - Datenquelle

  • Quellenangabe: Work cat.: (RU-10907106)32237: Berger, Joachim, Mit Gott, für Vaterland und Menschheit? :